000 00756nam a2200289Ia 4500
005 20260324141406.0
008 008 260324s9999 xx 000 0 eng d
020 _a9780429435850
037 _aEBOOK
040 _aCRL
040 _beng
040 _cCRL
041 _2eng
041 _aeng
084 _qCRL
100 _aSirkku Hellsten; Marjaana Kopperi; Olli Loukola
_91208018
245 0 _aTaking the Liberal Challenge Seriously
245 0 _bEssays on Contemporary Liberalism at the Turn of the 21st Century
260 _bTaylor and Francis
260 _c1997
365 _a
365 _b205
856 _uhttp://www.taylorfrancis.com/books/9780429435850
942 _cEBOOK
999 _c1811063
_d1811063